Statistics for Pennsylvania General Knowledge

Click here to take the quiz!

General Stats

  • This quiz has been taken 141 times
  • The average score is 10 of 15

Answer Stats

HintAnswer% Correct
The 5th most populated city in AmericaPhiladelphia
89%
Chocolate company named after town where it was foundedHershey
87%
Nickname: ________ StateKeystone
86%
Major city known for its steel productionPittsburgh
84%
Historical landmark known for having a crackLiberty Bell
83%
Capital city on the Susquehanna River. Harrisburg
82%
Above cities NFL teamSteelers
79%
NBA team in Philadelphia76ers
77%
Pennsylvania city named after the lake it sits onErie
72%
Historical landmark where the Declaration of Independence was writtenIndependence Hall
64%
River that runs through that same cityOhio River
61%
Mountain region known for Bushkill FallsPocono Mountains
59%
House designed by architect Frank Lloyd WrightFallingwater
43%
Major telephone service company HQed in PhiladelphiaComcast/Xfinity
38%
Prestigious research university located in Radnor TownshipVillanova
23%

Score Distribution

Percentile by Number Answered

Percent of People with Each Score

Your Score History

You have not taken this quiz